A user's guide to therapy : (Record no. 4516)
[ view plain ]
| 000 -LEADER | |
|---|---|
| fixed length control field | 00577cam a2200181 a 4500 |
| 020 ## - ISBN | |
| International Standard Book Number | 9780393705348 (pbk.) |
| 050 00 - LIBRARY OF CONGRESS CALL NUMBER | |
| Classification Number | RC 480.515 |
| Item Number | .K35 |
| 100 1# - MAIN ENTRY--Author | |
| Personal name | Kaiser, Tamara L., |
| Dates associated with a name | 1948- |
| 245 12 - TITLE | |
| Title | A user's guide to therapy : |
| Remainder of title | what to expect & how you can benefit / |
| Statement of responsibility, etc | Tamara L. Kaiser. |
| 260 ## - PUBLICATION, DISTRIBUTION, ETC.(IMPRINT) | |
| Place of publication, distribution, etc | New York : |
| Name of publisher, distributor, etc | W.W. Norton, |
| Date of publication, distribution, etc | c2009. |
| 300 ## - PHYSICAL DESCRIPTION | |
| Extent | 242 p. ; |
| 500 ## - GENERALNOTE | |
| General note | "A Norton professional book" |
| 650 #0 - SUBJECT--TOPIC | |
| Form subdivision | Popular works. |
| 650 #2 - SUBJECT--TOPIC | |
| Form subdivision | Popular Works. |
| 650 #2 - SUBJECT--TOPIC | |
| Form subdivision | Popular Works. |
| 856 41 - URL/ELECTRONIC LOCATION AND ACCESS | |
| Uniform Resource Identifier | <a href="http://www.loc.gov/catdir/toc/ecip0816/2008017092.html">http://www.loc.gov/catdir/toc/ecip0816/2008017092.html</a> |
| 942 ## - ADDED ENTRY ELEMENTS(KOHA) | |
| Source of classification or shelving scheme | Library of Congress Classification |
| Koha item type | General circulation |
| Source of classification or shelving scheme | Not for loan | Location (home branch) | Sublocation (holding branch) | Shelving location | Date accessioned | Full call number | Barcode | Koha item type | Public note |
|---|---|---|---|---|---|---|---|---|---|
| Library of Congress Classification | Main Campus Library | Main Campus Library | 29/06/2015 | RC 480.515 .K35 | 2015/001311 | General circulation | smo |